Las exportaciones argentinas y el nuevo agro (Registro nro. 8028)

Detalles MARC
000 -LEADER
fixed length control field 00731 a2200217 4500
001 - CONTROL NUMBER
control field 63187
005 - DATE AND TIME OF LATEST TRANSACTION
control field 20260407155927.0
008 - FIXED-LENGTH DATA ELEMENTS--GENERAL INFORMATION
fixed length control field 260407a1998 arg spa d
003 - CONTROL NUMBER IDENTIFIER
control field AR-UNSa-BCEJYS
040 ## - CATALOGING SOURCE
Original cataloging agency AR-UNSa-BCEJYS
Language of cataloging spa
Transcribing agency AR-UNSa-BCEJYS
080 ## - UNIVERSAL DECIMAL CLASSIFICATION NUMBER
Universal Decimal Classification number 339.564
Common auxiliary subdivision Exportación
020 ## - INTERNATIONAL STANDARD BOOK NUMBER
International Standard Book Number 978-950-665-079-7
041 ## - LANGUAGE CODE
Language code of text/sound track or separate title spa
100 1# - MAIN ENTRY--PERSONAL NAME
Personal name Benegas Prado, Héctor R.
245 10 - TITLE STATEMENT
Title Las exportaciones argentinas y el nuevo agro
Name of part/section of a work Posibilidades de exportación al Mercosur ampliado de productos vegetales con procesamiento simple
264 #1 - PRODUCTION, PUBLICATION, DISTRIBUTION, MANUFACTURE, AND COPYRIGHT NOTICE
Place of production, publication, distribution, manufacture Río Cuarto :
Name of producer, publisher, distributor, manufacturer Universidad Nacional de Río Cuarto
Date of production, publication, distribution, manufacture, or copyright notice 1998
300 ## - PHYSICAL DESCRIPTION
Extent 409 p.
Dimensions 22 cm.
590 ## - LOCAL NOTE (RLIN)
Local note niveau_biblio:m niveau_hierar:0
700 1# - ADDED ENTRY--PERSONAL NAME
Personal name Mariani, Juan P.
942 ## - ADDED ENTRY ELEMENTS (KOHA)
Koha item type
Existencias
Withdrawn status Lost status Damaged status Not for loan Home library Current library Shelving location Date acquired Total checkouts Full call number Barcode Date last seen Price effective from Koha item type
        Biblioteca Prof. Eusebio Cleto del Rey Biblioteca Prof. Eusebio Cleto del Rey   07/04/2026   339.564 B461 L85652 07/04/2026 07/04/2026 Libro